Rovnováha v dopravním systému

Základné princípy ekonomickej rovnováhy v dopravnom systéme. Faktory ovplyvňujúce ponuku a dopyt. Analýza správania sa zákazníka (dopyt) a dopravných firiem (ponuky). Rovnováha v dopravnom systéme z časového hľadiska. Dlhodobá a krátkodobá rovnováha dopravného systému.

Enregistré dans:
Détails bibliographiques
Auteur principal: Švadlenka, Libor
Format: Chapitre de livre
Langue:tchèque
Sujets:
Tags: Ajouter un tag
Pas de tags, Soyez le premier à ajouter un tag!

MARC

LEADER 00000nla$a2200000$$$4500
001 0059700
005 20220512111847.2
041 0 |a cze 
044 |a SK 
245 1 0 |a Rovnováha v dopravním systému  |c Libor Švadlenka 
520 |a Základné princípy ekonomickej rovnováhy v dopravnom systéme. Faktory ovplyvňujúce ponuku a dopyt. Analýza správania sa zákazníka (dopyt) a dopravných firiem (ponuky). Rovnováha v dopravnom systéme z časového hľadiska. Dlhodobá a krátkodobá rovnováha dopravného systému. 
610 2 0 |a doprava 
610 2 0 |a rovnováha trhová 
610 2 0 |a spoločnosti dopravné 
610 2 0 |a služby dopravné 
610 2 0 |a ponuka 
610 2 0 |a dopyt 
610 2 0 |a analýza trhu 
100 1 |a Švadlenka, Libor